00694na a2200217 450000100060000000300080000600500170001400800410003103500100007204000250008208200230010710000260013024500650015624600280022126000280024930000180027765000500029565000360034565000470038165000480042816250MIRAKIL20181213155210.0161001b tu 000 0  a16250 aMilasbturcTR-AnCHP a300.561bK26t 2002 aKaraca, Uğurd1967- aTBMM'nin dikkatineb(özet yasa önerileri)cUğur Karaca aözet yasa önerileri a[y.y.]b[yayl.y.]c2002 a40 s.c20 sm. aSiyaset ve yönetimxÇözüm önerileri aAdaletxÇözüm önerileri aEkonomik sorunlarxÇözüm önerileri aToplumsal sorunlarxÇözüm önerileri